00758nam a2200253Ia 4500003000900000008004100009040001300050040001300063041000800076100001700084245004000101250001200141260000800153260000900161300001100170300001000181490002600191490000800217600003600225700002300261942000700284999001700291952019600308IT-RoPAU120407s9999 xx 000 0 und d aIT-RoPAU cIT-RoPAU aita aAnthony Flew aNuovi saggi di teologia filosofica. aBologna aEDB c1971 a231 p. c22 cm aEpifania della Parola v116 a1. Teologia filosofica. Saggi. aAlasdair MacIntyre cBK c29672d29672 00102ddc406230_61600000000000071aPAULUSbPAULUSd2012-04-11l0o230.616r2012-04-11 00:00:00w2012-04-11yBKzInserito da: Jole In data: 30 luglio 2011 fondo: Via A.Severo 56 Progr:27448